000 00472nam a2200193Ia 4500
005 20250603144702.0
008 250603s9999 xx 000 0 und d
020 _a978-0-07-352631-7
050 _aJF 51 .S547/
100 _aSodaro, Michael J.
245 0 _aComparative politics: a global introduction
250 _a3rd ed.
260 _aBoston
260 _bMcGraw-Hill Higher Education
260 _c2008
300 _a825 p
650 _aBoston
942 _cBK
999 _c39649
_d39649